00547nas a22001697a 4500008004100000245004500041260007600086300000900162546001400171590003300185590003500218650002300253650002300276856005100299942001200350999001500362130522t20109999ag ||||| |||| 00| 0 spa d aActualizaciones Roemmers en Infectologia aBuenos Aires,bSociedad Iberoamericana de Informacion Cientifica:c2010 av. : aespañol aIndizada en: SIIC Data Bases aExistencias: 2010 (1 ejemplar) aINFECTOLOGIA92006 aNITAZOXANIDA92057 uhttp://www.siicsalud.com/lmr/siicdatabases.php 2ddccCR c1460d1460